000 00760nam a2200229 i 4500
001 89812
003 ES-MaACL
005 20250809063508.0
007 t|
008 050113s1967 sp ||||1| spa d
100 1 _aLaurentin, René,
_d1917-2017
_970642
245 1 0 _aBalance de la cuarta sesión del Concilio /
_cRené Laurentin ; traducción de Salustiano Masó.
260 _aMadrid :
_bTaurus,
_c[1967]
300 _a354 p. ;
_c18 cm.
490 1 _aEl Futuro de la Verdad ;
_v28
611 0 4 _aConcilio Vaticano (
_n2º.
_d1962-1965)
_9122
700 0 _aMasó, Salustiano,
_d1923-
_978744
830 0 _aEl Futuro de la Verdad ;
_v28
_9180936
852 _aES-MaACL
_jC-36279
_bR.65166
852 _aES-MaACL
_jD-2319
999 _c89812
_d89812